Guía de los distintos enfoques de la extensión / H. George Axinn (Registro nro. 1971)

Detalles MARC
000 -LEADER
fixed length control field 00525nam a22002051a 4500
001 - CONTROL NUMBER
control field 1971
003 - CONTROL NUMBER IDENTIFIER
control field OSt
005 - DATE AND TIME OF LATEST TRANSACTION
control field 20260204211755.0
008 - FIXED-LENGTH DATA ELEMENTS--GENERAL INFORMATION
fixed length control field 040122s1993||||sp ||||||b||||||||||spa||
020 ## - NUMERO DE LIBRO INTERNACIONAL NORMALIZADO
International Standard Book Number 9253033681
050 ## - LIBRARY OF CONGRESS CALL NUMBER
Classification number 630.715 A45g
082 ## - DEWEY DECIMAL CLASSIFICATION NUMBER
Classification number 630.715 A45g
100 ## - ASIENTO PRINCIPAL -- NOMBRE PERSONAL
Personal name Axinn, George H.
245 ## - TÍTULO PROPIAMENTE DICHO: SUBTÍTULO
Title Guía de los distintos enfoques de la extensión / H. George Axinn
264 ## - PRODUCTION, PUBLICATION, DISTRIBUTION, MANUFACTURE, AND COPYRIGHT NOTICE
Place of production, publication, distribution, manufacture España : Fao
300 ## - PHYSICAL DESCRIPTION
Extensión 137 p.
500 ## - GENERAL NOTE
General note Incluye bibliografía
650 ## - ASIENTO SECUNDARIO DE MATERIA -- TERMINO TEMÁTICO
Termino Temático Como Elemento de Entrada 1.Extensión AgrícolaÌ
942 ## - ADDED ENTRY ELEMENTS (KOHA)
Source of classification or shelving scheme Dewey Decimal Classification
Koha item type Libros
Existencias
Withdrawn status Lost status Source of classification or shelving scheme Damaged status Not for loan Current library Date acquired Full call number Barcode Date last seen Price effective from Koha item type
    Dewey Decimal Classification Descartado para donación   Biblioteca UTECO 09/09/2019 630.715 A45G 006212 09/09/2019 09/09/2019 Libros
© 2021 Derechos Reservados UTECO - Teléfono: +1 809-585-2291 - Correo electrónico: biblioteca@uteco.edu.do​  
Código postal 43000 ​​
Dirección: Avenida Universitaria No. 100, 
Cotuí, Provincia Sánchez Ramírez, República Dominicana - RNC: 404-00059-6